Faculty of Law Library — Cairo University

Official Online Catalog

الحماية الجنائية لحق الانسان في صورته / (Record no. 54152)

MARC details
000 -LEADER
fixed length control field 00819nab a2200217 i 4500
005 - DATE AND TIME OF LATEST TRANSACTION
control field 20260121101640.0
008 - FIXED-LENGTH DATA ELEMENTS--GENERAL INFORMATION
fixed length control field 260103d ua qr|j| |||| 00| 0 ara d
040 ## - CATALOGING SOURCE
Original cataloging agency EG-GICUC
Transcribing agency EG-GICUC
Modifying agency EG-GICUC
Description conventions rda
082 04 - DEWEY DECIMAL CLASSIFICATION NUMBER
Classification number 343.1
Edition information 21
245 02 - TITLE STATEMENT
Title الحماية الجنائية لحق الانسان في صورته /
Statement of responsibility, etc. إعداد: د. هشام محمد فريد رستم.
264 01 - PRODUCTION, PUBLICATION, DISTRIBUTION, MANUFACTURE, AND COPYRIGHT NOTICE
Place of production, publication, distribution, manufacture أسيوط :
Name of producer, publisher, distributor, manufacturer كلية الحقوق-جامعة أسيوط،
Date of production, publication, distribution, manufacture, or copyright notice 1986 -
300 ## - PHYSICAL DESCRIPTION
Extent 5-158 صفحة؛
Dimensions 26 سم.
336 ## - CONTENT TYPE
Source rda content
Content type term Text
337 ## - MEDIA TYPE
Source rda media
Media type term unmediated
338 ## - CARRIER TYPE
Source rda carrier
Carrier type term volume
362 0# - DATES OF PUBLICATION AND/OR SEQUENTIAL DESIGNATION
Dates of publication and/or sequential designation .
773 ## - HOST ITEM ENTRY
Title مجلة الدراسات القانونية.
Related parts العدد الثامن.
Record control number 54151
856 ## - ELECTRONIC LOCATION AND ACCESS
Uniform Resource Identifier <a href="https://fll.law.cu.edu.eg/fulltext/cr/S00-090471.pdf">https://fll.law.cu.edu.eg/fulltext/cr/S00-090471.pdf</a>
905 ## - Cataloger
Cataloger name Nourhan Saeed
942 ## - ADDED ENTRY ELEMENTS (KOHA)
Source of classification or shelving scheme Dewey Decimal Classification
Koha item type Articles
Suppress in OPAC No

No items available.

© All rights reserved — Faculty of Law, Cairo University